00642nam a22001817a 450000500170000001000150001702000270003203500140005903700130007324501390008626000370022527000920026230000320035450000190038670000210040570000170042670000170044320170421121021.0 aENG-117904 c1480.00a9788184845723 aEN-101436 bDBAD/PUB aEconomy of tamil nadu today :cedited by Jegadish Gandhi [and] P. Anbalagan ; foreword by A. Arulappanbnew realities and challenges / aNew DelhibRahul Composersc2016 aNew Highway Apartments, Lakshmi Niwas 760,Pocket-D, Lok Nayak Puram,bNew Delhie110041 axxii,345p.:c22cm(Hb)bill. aincludes index aGandhi,Jegadish  aP. Anbalagan aA. Arulappan